000 00329nam a22001457a 4500
008 210322b ||||| |||| 00| 0 eng d
020 _a0314853065
041 _aeng
080 _a159.9
082 _a159.9
100 _a48
101 _aPSI
245 _aIntroduction to Social Psychology
_cTedeschi, J. T
942 _2udc
_cBK
999 _c56648
_d56648